A letter addressed to the right honourable Earl Grey, &c., &c., &c. on the state of our political & commercial relations with Portugal / (Record no. 167860)

MARC details
000 -LEADER
campo de control de longitud fija 00926nam a2200193 i 4500
001 - NÚMERO DE CONTROL
campo de control 167860
003 - IDENTIFICADOR DE NÚMERO DE CONTROL
campo de control ES-MaACL
005 - FECHA Y HORA DE LA ÚLTIMA TRANSACCIÓN
campo de control 20230906213618.0
008 - DATOS DE LONGITUD FIJA--INFORMACIÓN GENERAL
campo de control de longitud fija 051004s1831 xxk | |||||||| ||eng d
040 ## - FUENTE DE CATALOGACIÓN
Centro catalogador/agencia de origen CAM
Lengua de catalogación spa
Centro/agencia transcriptor CAM
100 1# - ENTRADA PRINCIPAL--NOMBRE DE PERSONA
Nombre de persona Walton, William.
9 (RLIN) 133879
245 12 - MENCIÓN DEL TÍTULO
Título A letter addressed to the right honourable Earl Grey, &c., &c., &c. on the state of our political & commercial relations with Portugal /
Mención de responsabilidad, etc. by William Walton.
260 ## - PUBLICACIÓN, DISTRIBUCIÓN, ETC.
Lugar de publicación, distribución, etc. London :
Nombre del editor, distribuidor, etc. published by John Richardson and John Booth,
Fecha de publicación, distribución, etc. 1831.
300 ## - DESCRIPCIÓN FÍSICA
Extensión 174 p. ;
Dimensiones 20 cm.
651 #4 - PUNTO DE ACCESO ADICIONAL DE MATERIA--NOMBRE GEOGRÁFICO
Nombre geográfico Gran Bretaña-
Subdivisión general Relaciones-
Subdivisión geográfica Portugal.
9 (RLIN) 137202
651 #4 - PUNTO DE ACCESO ADICIONAL DE MATERIA--NOMBRE GEOGRÁFICO
Nombre geográfico Portugal-
Subdivisión general Relaciones-
Subdivisión geográfica Gran Bretaña.
9 (RLIN) 137321
700 1# - ENTRADA AGREGADA--NOMBRE PERSONAL
Nombre de persona Grey, Charles Grey
Títulos y otros términos asociados al nombre Earl (
Fechas asociadas al nombre 1764-1845 )
9 (RLIN) 155685
852 ## - LOCALIZACIÓN
Ubicación ES-MaACL
Número de control de estantería T-16-F-12
Nota libre -- Enc. hol., falto de la enc. original
-- -- Enc. en un vol. facticio
-- .- Donat. Angel Calderón de la Barca (Actas del Ateneo, junta 9 de abril de 1844)
Holdings
Estatus retirado Estado de pérdida Estado de daño No para préstamo Colección Biblioteca de origen Biblioteca actual Ubicación en estantería Fecha de adquisición Total de préstamos Signatura topográfica completa Código de barras Visto por última vez Precio de reemplazo Tipo de ítem Koha
        Colección de folletos Biblioteca del Ateneo de Madrid Biblioteca del Ateneo de Madrid Depósito folletos 17/01/2008   T-16-F-12 1176105 23/02/2023 23/02/2023 Folleto